000 01321cam4a220037300 4500
001 qce01275350
005 20190809130521.0
008 770415s1961 nyuabc e 000 0deng
010 _a 61006565
035 _a(Sirsi) r63238
035 _a(QCAT)lss01556551
035 _a(UPRA)qce01275350
040 _dUPRA
050 _aAE5
_bENC 1961
082 _a031
245 0 4 _aThe Encyclopedia Americana :
_bthe international reference work.
250 _a[1961 ed.].
260 _aNew York :
_bAmericana Corp.,
_c[1961]
350 _50.00
504 _aIncludes bibliographies.
650 0 _aEncyclopedias and dictionaries.
_6S750.1
740 0 _aAmericana.
949 _aAE5
_vVOL. 1
_wlcc
_i-83706
_mMAIN
_tBOOK
_lON-SHELF
949 _aAE5
_vVOL.
_wlcc
_i-83707
_mMAIN
_p5000
_tREFRENCE
_lREFERENCE
949 _aAE5
_vVOL. 2
_wlcc
_i-83708
_mMAIN
_tBOOK
_lON-SHELF
949 _aAE5
_vVOL. 3
_wlcc
_i-83709
_mMAIN
_tBOOK
_lON-SHELF
949 _aAE5
_vVOL. 4
_wlcc
_i-83710
_mMAIN
_tBOOK
_lON-SHELF
949 _aAE5
_vVOL. 5
_wlcc
_i-83711
_mMAIN
_tBOOK
_lON-SHELF
949 _aAE5
_vVOL. 6
_wlcc
_i-83712
_mMAIN
_tBOOK
_lON-SHELF
949 _aAE5
_vVOL. 7
_wlcc
_i-83713
_mMAIN
_tBOOK
_lON-SHELF
949 _aAE5
_vVOL. 8
_wlcc
_i-83714
_mMAIN
_tBOOK
_lON-SHELF
949 _aAE5
_vVOL. 9
_wlcc
_i-83715
_mMAIN
_tBOOK
_lON-SHELF
004 63238
999 _c4740
_d4740